Statistics for Anciens départements Français

Click here to take the quiz!

General Stats

  • This quiz has been taken 75 times
  • The average score is 17 of 88

Answer Stats

Date d'existence Prefecture Département % Correct
1790-1793/1811-1976AjaccioCorse
74%
1957-1962AlgerAlger
60%
1790-1968ParisSeine
57%
1957-1962OranOran
54%
1957-1962ConstantineConstantine
49%
1790-1990Saint-BrieucCôtes du Nord
49%
1955-1962BôneBône
43%
1957-1962MostaganemMostaganem
43%
1957-1962TiaretTiaret
43%
1957-1962BatnaBatna
43%
1958-1959BougieBougie
43%
1957-1962SétifSétif
43%
1957-1962TlemcenTlemcen
43%
1790-1969PauBasses-Pyrénées
43%
1957-1962MédéaMédéa
43%
1957-1962Tizi-OuzouTizi-Ouzou
43%
1958-1959AumaleAumale
43%
1958-1962SaïdaSaïda
43%
1790-1970Digne-lès-BainsBasses-Alpes
40%
1790-1968VersaillesSeine-et-Oise
40%
1957-1962OrléansvilleOrléansville
40%
1790-1957NantesLoire-inferieure
37%
1802-1814Turin
34%
1798-1814GenèveLéman
26%
1809-1814RomeRome
26%
1790-1810SaintesCharente Inferieure
26%
1790-1793LyonRhône-et-Loire
26%
1790-1955RouenSeine-Inferieure
26%
1976-1985Saint-PierreSaint-Pierre-et-Miquelon
23%
1811-1814HambourgBouches-de-l'Elbe
20%
1790-1871NancyMeurthe
20%
1805-1814GênesGênes
20%
1810-1814Bois-le-DucBouches-du-Rhin
20%
1792-1815ChamberyMont-Blanc
20%
1797-1814CoblenceRhin-et-Moselle
17%
1797-1814TrèvesSarre
17%
1812-1814GéroneTer
17%
1795-1814NamurSambre-et-Meuse
17%
1810-1814MiddelbourgBouches-de-l'Escaut
17%
1795-1814GandEscaut
17%
1795-1814LuxembourgForêts
14%
1797-1804Les CayesSud
14%
1793-1800PorrentruyMont-Terrible
11%
1808-1814FlorenceArno
11%
1795-1814BrugesLys
11%
1797-1814MayenceMont-Tonnerre
11%
1812-1813LéridaBouches de l'Ebre
11%
1811-1814MünsterLippe
11%
1795-1814BruxellesDyle
9%
1795-1814AnversDeux-Nèthes
9%
1811-1814La HayeBouches-de-la-Meuse
9%
1805-1814ChiavariApennins
9%
1811-1814OsnabrückEms-Supérieur
9%
1795-1814MaastrichtMeuse-Inférieure
9%
1797-1804Cap FrançaisNord
9%
1797-1814Aix-la-ChappelleRoer
9%
1797-1804Port-RépublicainOuest
9%
1795-1814LiègeOurthe
9%
1810-1814SionSimplon
9%
1793-1811BastiaGolo
9%
1793-1811AjaccioLiamone
9%
1957-1962OuarglaOasis
6%
1812-1814BarceloneMontserrat
6%
1812-1814PuigcerdaSègre
6%
1797-1802ArgostoliIthaque
6%
1809-1814SpolèteTrasimène
6%
1801-1814LeeuwardenFrise
6%
1802-1814ConiStura
6%
1802-1814VerceilSézia
6%
1802-1814IvréeDoire
6%
1811-1814BrêmeBouches-du-Weser
6%
1811-1814ZwolleBouches-de-l'Yssel
6%
1795-1814MonsJemmapes
6%
1808-1814LivourneMéditerranée
6%
1811-1814ArnhemYssel-Supérieur
6%
1811-1814AurichEms-Oriental
6%
1808-1814ParmeTaro
6%
1811-1814GroningueEms-Occidental
6%
1805-1814SavoneMontenotte
6%
1808-1814SienneOmbrone
6%
1797-1802ZanteMer-Egée
3%
1811-1814AmsterdamZuyderzée
3%
1802-1814AlexandrieMarengo
3%
1957-1962Colomb-BécharSaoura
3%
1797-1804San YagoSamaná
0%
1801-1805AstiTanaro
0%
1797-1802CorfouCorcyre
0%
1797-1804Santo-DominguoInganne
0%

Score Distribution

Percentile by Number Answered

Percent of People with Each Score

Your Score History

You have not taken this quiz